| 000 | 01678nam a2200397 c 4500 | ||
|---|---|---|---|
| 003 | BLK | ||
| 005 | 20210726174923.0 | ||
| 008 | 180413b bul|||||r ||||||| ||bul|| | ||
| 010 | _aKNG00023041000 | ||
| 040 | _aBLK | ||
| 041 |
_aBUL _cBUL |
||
| 072 | 7 |
_2bullib _aН50 _xЕстествени науки. Математика и др. Н |
|
| 080 |
_aПриложна ботаника. Икономическа ботаника. Диворастящи лекарствени растения и др. _b581.6 _x(02.062) _z581.6(02.062) |
||
| 080 |
_aЛекарствени средства от растителен произход. Подразделя се със знак за отношение :582; :633/635; :665.3 _b615.322 _x(02.062) _z615.322(02.062) |
||
| 700 | 1 |
_aСимеонова, Лора _eсъстав. _9265130 |
|
| 139 |
_aАптеката на Господ _bА 79 |
||
| 245 | 1 | 0 |
_aАптеката на Господ _bБилките _cсъстав. Лора Симеонова. |
| 257 | _aBGR | ||
| 260 |
_аСофия _bв. Стандарт _c2010 |
||
| 300 |
_a64 с. _bс ил. _c19 см |
||
| 380 | _a5 | ||
| 490 | 1 |
_aГолемите тайни _v7 |
|
| 490 | 1 |
_3Подсерия _aБилките |
|
| 500 | _aISSN 0862-797X. | ||
| 650 | 4 |
_aМедицински растения _9245724 |
|
| 650 | 4 |
_aБилкарство _9148642 |
|
| 653 | _aлекарствени растения | ||
| 653 | _aбилки | ||
| 653 | _aмедицински растения | ||
| 659 | _aН | ||
| 852 | _aЦб 251392 | ||
| 856 | 4 |
_qpdf _u |
|
| 856 | 4 |
_qpdf _u |
|
| 942 |
_cKNG _n0 _02 |
||
| 944 |
_aCR _c29.03.2011 _lф / _kГеновева_Генчева |
||
| 944 |
_aED _c06.03.2012 _lф / _k |
||
| 999 |
_c20799 _d20799 |
||